000 00746nam a2200217Ia 4500
003 GCL
008 140319s9999 xx 000 0 ara d
040 _aGCL /
_cGCL
082 0 4 _aق
_b923.2
_bم م
100 1 _aماجدة محمد حمودة
245 1 0 _aالمعتدلون فى السياسه المصرية دراسة فى دور محمد محمود باشا /
_cماجدة محمد حمودة
260 _a[S.N] :
_bالهيئة المصرية العامة للكتاب ،
_c1992
300 _a195 ص
490 _a
650 0 4 _aالعصر الحديث
650 0 4 _aمصر
650 0 4 _aتاريخ
650 0 4 _aالاستقلال والحكم الملكى
650 0 4 _aالسياسيون المصريون
942 _2ddc
_cBK
999 _c57762
_d57762